000 00219nam a2200097Ia 4500
008 120527s9999 xx 000 0 und d
100 _aATTON,Chris.
245 _aAlternative Literature.
260 _bGlower
942 _cBK
999 _c23763
_d23763